000 00536pab a2200205 454500
008 180718b2011 xxu||||| |||| 00| 0 eng d
100 _aBecker, Sarcha O.
245 _aEducation and catch-up in the industrial revolution
260 _c2011
300 _ap.92-126.
362 _aJul
650 _aIndustrialization
650 _aIndustrial revolution
650 _aEducation
700 _aWoessmann, Ludger
700 _aHornung, Erik
773 _aAmerican Economic Journal: Macroeconomics
908 _aN
909 _a93089
999 _c93089
_d93089